000 00772nam a2200241Ia 4500
003 OSt
005 20220923225430.0
006 a|||||r|||| 00| 0
007 ta
008 220922b |||||||| |||| 00| 0 hin d
024 _a268,050
037 _cTextual
040 _aARTS
_cARTS
_bhin
041 _2hin
_ahin
082 _aQ1:4146, 152M1
100 _aमहीधर
245 0 _aमंत्र महोदधि, संपा शुकदेव चतुर्वेदी
246 _ahintra hinodadhi, sanpā0 shukadev chaturvedī
260 _aवाराणसी
_b प्राच्य प्रकाशन
_c1981
650 _aधर्म
942 _hQ1:4146, 152M1
_cTEXL
_2CC
999 _c378259
_d378259